000 00730nam a2200253 i 4500
001 C2-0282005
003 PPAK
005 20180728012444.0
008 070923s1989 ctua|||| ||||| | eng d
020 _a1555466001
040 _aPPAK
_beng
_cPPAK
_erda
082 0 4 _a320.54092
_223
090 0 0 _a320.54092
_bRUM
_dRLCK
100 1 _aRummel, Jack,
_eauthor
245 1 0 _aMalcom X :
_bmilitant black leader
264 1 _aDanbury :
_bChelsea House ,
_c1989
300 _a110 pages :
_billustrations ;
_c24 cm
336 _2rdacontent
_atext
337 _2rdamedia
_aunmediated
338 _2rdacarrier
_avolume
500 _aIncludes bibliographical references and index
650 1 0 _aX, Malcolm, 1925-1965
942 _ddc
_cB
999 _c88294
_d88294